049_ Personnalités nées un 18 février par images - Statistiques

Statistiques générales
  • Ce quiz a été pris 35 fois
  • Le résultat moyen est 3 sur 9
Statistiques - réponses
Par images Hint Réponse % Correct
Pilote automobile et Homme d'affaires Enzo Ferrari
66%
Acteur John Travolta
63%
Chanteuse Marianne James
63%
Footballeur Claude Makélélé
46%
Couturier Paco Rabanne
26%
Artiste Yoko Ono
20%
Acteur Soufiane Guerrab
3%
Écrivaine Toni Morrison
3%
Politicien Jean Drapeau
0%
Aucun quiz correspondant
Distribution des résultats
% des personnes avec chaque résultat
Percentile par nombre de réponses
Votre historique - résultats
Vous n’avez pas pris ce quiz